Normal view
MARC view
- Oliu, Walter E
Entry Personal Name
001 - CONTROL NUMBER
- control field: 102609
003 - CONTROL NUMBER IDENTIFIER
- control field: NUST
005 - DATE AND TIME OF LATEST TRANSACTION
- control field: 20221115112520.0
008 - FIXED-LENGTH DATA ELEMENTS
- fixed length control field: 221115|| aca||aabn | a|a d
040 ## - CATALOGING SOURCE
- Original cataloging agency: NUST
- Transcribing agency: NUST
100 ## - HEADING--PERSONAL NAME
- Personal name: Oliu, Walter E
670 ## - SOURCE DATA FOUND
- Source citation: Work cat.: (NUST)0: Alred, Gerald J. 102607, Handbook of technical writing /, c2009.
